[Event "Arber op Seniors 3rd"]
[Site "Bayerisch Eisenstein"]
[Date "2015.08.06"]
[Round "6"]
[White "Zerweck, Christoph"]
[Black "Neiss, Albrecht"]
[Result "1-0"]
[WhiteElo "1919"]
[BlackElo "1578"]
[PlyCount "45"]
[EventDate "2015.08.01"]
[EventType "swiss"]
[EventRounds "9"]
[EventCountry "GER"]
[SourceTitle "EXT 2016"]
[Source "ChessBase"]
[SourceDate "2015.10.08"]
[SourceVersion "1"]
[SourceVersionDate "2015.10.08"]
[SourceQuality "1"]

1. e4 c5 2. Nf3 Nc6 3. c3 e6 4. d4 cxd4 5. cxd4 Nf6 6. Nc3 Bb4 7. Bd3 0-0 8. 0-0 Re8 9. e5 Nd5 10. Nxd5 exd5 11. Bxh7+ Kf8 12. Bc2 Be7 13. Bf4 Qb6 14. Bb3 Qb5 15. Rb1 Rd8 16. Ng5 d6 17. Qh5 Ke8 18. Qxf7+ Kd7 19. exd6 Rf8 20. Qe6+ Kd8 21. dxe7+ Nxe7 22. Qd6+ Qd7 23. Ne6+ 1-0

[Event "Bayern-ch op Seniors 26th"]
[Site "Bergen"]
[Date "2014.06.28"]
[Round "8"]
[White "Ewald, Frithjof"]
[Black "Neiss, Albrecht"]
[Result "0-1"]
[WhiteElo "1355"]
[BlackElo "1342"]
[PlyCount "48"]
[EventDate "2014.06.21"]
[EventType "swiss"]
[EventRounds "7"]
[EventCountry "GER"]
[SourceTitle "EXT 2018"]
[Source "ChessBase"]
[SourceDate "2017.10.13"]
[SourceVersion "1"]
[SourceVersionDate "2017.10.13"]
[SourceQuality "1"]

1. e4 c5 2. Nf3 Nc6 3. d4 cxd4 4. Nxd4 Nf6 5. Nc3 e5 6. Nf3 Bb4 7. Bd2 0-0 8. Bd3 d5 9. exd5 Nxd5 10. Ne4 Re8 11. a3 Bxd2+ 12. Qxd2 f5 13. Bc4 Nce7 14. Nc3 e4 15. Ng5 e3 16. fxe3 h6 17. Nh3 Be6 18. 0-0-0 Qa5 19. Nf4 Nxf4 20. Bxe6+ Nxe6 21. h4 Rad8 22. Qe2 Rxd1+ 23. Nxd1 a6 24. Rf1 b5 0-1

[Event "Bayern-ch op Seniors 26th"]
[Site "Bergen"]
[Date "2014.06.28"]
[Round "9"]
[White "Neiss, Albrecht"]
[Black "Steffl, Herbert"]
[Result "0-1"]
[WhiteElo "1342"]
[BlackElo "1512"]
[PlyCount "84"]
[EventDate "2014.06.21"]
[EventType "swiss"]
[EventRounds "7"]
[EventCountry "GER"]
[SourceTitle "EXT 2018"]
[Source "ChessBase"]
[SourceDate "2017.10.13"]
[SourceVersion "1"]
[SourceVersionDate "2017.10.13"]
[SourceQuality "1"]

1. d4 d5 2. c4 e6 3. Nc3 Nf6 4. cxd5 exd5 5. Bg5 Be7 6. e3 0-0 7. Bd3 h6 8. Bxf6 Bxf6 9. Nge2 c6 10. 0-0 Re8 11. Ng3 Bg5 12. e4 dxe4 13. Ncxe4 Be6 14. Nxg5 Qxg5 15. Re1 Nd7 16. Qf3 Qf6 17. Qd1 Nb6 18. Bc2 Rad8 19. Qd3 g6 20. Rad1 Bf5 21. Ne4 Qg7 22. Qc3 Nd5 23. Qb3 Re7 24. Kf1 Be6 25. Qa3 b6 26. Nc3 Red7 27. Ne2 a5 28. Be4 f5 29. Bf3 Nb4 30. Qe3 Bxa2 31. b3 Nc2 32. Qe6+ Kh7 33. Nc3 Nxe1 34. Rxe1 Rd6 35. Qe7 Bxb3 36. Bxc6 Bc4+ 37. Kg1 Rxd4 38. h3 Rd3 39. Kh2 Qxe7 40. Rxe7+ Kg8 41. Ne2 R3d6 42. Ba4 b5 0-1

[Event "Bayern-ch op Seniors 26th"]
[Site "Bergen"]
[Date "2014.06.24"]
[Round "4"]
[White "Jehn, Detlef"]
[Black "Neiss, Albrecht"]
[Result "1/2-1/2"]
[WhiteElo "1449"]
[BlackElo "1342"]
[PlyCount "106"]
[EventDate "2014.06.21"]
[EventType "swiss"]
[EventRounds "7"]
[EventCountry "GER"]
[SourceTitle "EXT 2018"]
[Source "ChessBase"]
[SourceDate "2017.10.13"]
[SourceVersion "1"]
[SourceVersionDate "2017.10.13"]
[SourceQuality "1"]

1. e4 c5 2. Bc4 e6 3. Nc3 Nc6 4. Nf3 g6 5. 0-0 Bg7 6. Nb5 d5 7. exd5 exd5 8. Re1+ Nge7 9. Bxd5 0-0 10. Bc4 a6 11. Nc3 b5 12. Be2 Bf5 13. d3 Qc7 14. Rb1 Rfd8 15. g3 c4 16. Bf4 Qb6 17. Be3 Qb7 18. Bc5 cxd3 19. cxd3 Re8 20. Nh4 Bh3 21. Bf3 Be6 22. Qc2 Qd7 23. Rbd1 Nd4 24. Bxd4 Bxd4 25. Ne4 Rac8 26. Qd2 Nf5 27. Nxf5 Bxf5 28. Qg5 Qd8 29. Qd2 a5 30. a3 Be6 31. Rc1 Qb6 32. Rxc8 Rxc8 33. Re2 Bb3 34. Nc3 b4 35. axb4 axb4 36. Nd5 Bxd5 37. Bxd5 b3 38. Qf4 Bf6 39. Bc4 Qd8 40. Qe4 Rb8 41. Kg2 Kg7 42. f4 Qd7 43. Qd5 Qxd5+ 44. Bxd5 Rb5 45. Bc4 Rb7 46. Kf3 Re7 47. Rxe7 Bxe7 48. Bxb3 Bf6 49. Ke4 Bxb2 50. d4 Kf6 51. d5 Ke7 52. g4 Kd6 53. Ba4 f6 1/2-1/2

[Event "Bayern-ch op Seniors 26th"]
[Site "Bergen"]
[Date "2014.06.22"]
[Round "2"]
[White "Neiss, Albrecht"]
[Black "Baumgartner, Andreas"]
[Result "0-1"]
[WhiteElo "1342"]
[BlackElo "1618"]
[PlyCount "76"]
[EventDate "2014.06.21"]
[EventType "swiss"]
[EventRounds "7"]
[EventCountry "GER"]
[SourceTitle "EXT 2018"]
[Source "ChessBase"]
[SourceDate "2017.10.13"]
[SourceVersion "1"]
[SourceVersionDate "2017.10.13"]
[SourceQuality "1"]

1. d4 d5 2. c4 e6 3. Nc3 c6 4. cxd5 exd5 5. Bf4 Nf6 6. e3 Bb4 7. Bd3 Be6 8. h3 Nbd7 9. Nge2 0-0 10. 0-0 a6 11. a3 Be7 12. Qc2 h6 13. Ng3 c5 14. Nce2 c4 15. Bf5 Rc8 16. Nc3 b5 17. f3 g5 18. Be5 Qb6 19. Qf2 Nxe5 20. dxe5 Nd7 21. f4 gxf4 22. Qxf4 Bg5 23. Qg4 Nxe5 24. Qe2 Qxe3+ 25. Qxe3 Bxe3+ 26. Kh1 d4 27. Nce2 d3 28. Nc3 Bg5 29. Nge4 Bxf5 30. Rxf5 f6 31. Raf1 Kg7 32. Nd5 Rcd8 33. Nxg5 hxg5 34. Ne3 d2 35. Rd1 Rfe8 36. g4 Nd3 37. Nd5 Rxd5 38. Rxd5 Re1+ 0-1

[Event "Bayern-ch op Seniors 26th"]
[Site "Bergen"]
[Date "2014.06.21"]
[Round "1"]
[White "Zehfuss, Helmut"]
[Black "Neiss, Albrecht"]
[Result "1-0"]
[WhiteElo "1710"]
[BlackElo "1342"]
[PlyCount "77"]
[EventDate "2014.06.21"]
[EventType "swiss"]
[EventRounds "7"]
[EventCountry "GER"]
[SourceTitle "EXT 2018"]
[Source "ChessBase"]
[SourceDate "2017.10.13"]
[SourceVersion "1"]
[SourceVersionDate "2017.10.13"]
[SourceQuality "1"]

1. e4 c5 2. Nf3 Nc6 3. Bc4 e6 4. Nc3 Nge7 5. d4 d5 6. exd5 exd5 7. Be2 Be6 8. Bg5 f6 9. Bf4 Nf5 10. dxc5 Bxc5 11. 0-0 0-0 12. a3 d4 13. Ne4 Bb6 14. Bd3 Rc8 15. Re1 Bf7 16. h3 Bc7 17. Bxc7 Qxc7 18. Nc5 Nfe7 19. Ne6 Bxe6 20. Rxe6 Rcd8 21. Qe2 Ne5 22. Nxe5 fxe5 23. Qxe5 Qxe5 24. Rxe5 Nc6 25. Re4 Rde8 26. Rae1 Rxe4 27. Rxe4 g6 28. f4 Kg7 29. g4 a6 30. Kg2 Rd8 31. Kf3 b5 32. Re6 Nb8 33. Re7+ Kh8 34. h4 Rf8 35. Be4 a5 36. g5 Na6 37. h5 Nc5 38. hxg6 Nxe4 39. g7+ 1-0

[Event "Bayern-ch Seniors 24nd"]
[Site "Bergen"]
[Date "2012.06.21"]
[Round "6"]
[White "Neiss, Albrecht"]
[Black "Mahrla, Hans"]
[Result "0-1"]
[WhiteElo "1432"]
[BlackElo "1619"]
[PlyCount "112"]
[EventDate "2012.06.16"]
[EventType "swiss"]
[EventRounds "9"]
[EventCountry "GER"]
[SourceTitle "EXT 2015"]
[Source "ChessBase"]
[SourceDate "2014.11.20"]
[SourceVersion "1"]
[SourceVersionDate "2014.11.20"]
[SourceQuality "1"]

1. d4 Nf6 2. c4 e6 3. Nc3 d5 4. cxd5 exd5 5. Bg5 Be7 6. e3 0-0 7. Bd3 c6 8. Nge2 Re8 9. Qc2 h6 10. Bh4 Nh5 11. Bxe7 Qxe7 12. 0-0 Na6 13. Rfe1 Nb4 14. Bh7+ Kh8 15. Qb1 Nf6 16. Bf5 Bxf5 17. Qxf5 Ne4 18. Red1 Rad8 19. Rac1 Rd6 20. Nxe4 Qxe4 21. Qxe4 Rxe4 22. a3 Na6 23. Ng3 Re8 24. b4 Nc7 25. a4 a6 26. Rb1 g6 27. Rdc1 Re7 28. Ne2 Kg7 29. Rc3 Rde6 30. Nc1 Ne8 31. Nd3 Nd6 32. Nc5 Rf6 33. Rc2 g5 34. Ra2 Rg6 35. Kf1 f5 36. Nd3 Rf6 37. Ne5 Rfe6 38. Re1 Kf6 39. f4 Nc4 40. Rae2 Nd6 41. g4 Ne4 42. gxf5 Kxf5 43. Rc2 gxf4 44. exf4 Rg7 45. Rg2 Rxg2 46. Kxg2 Kxf4 47. Rf1+ Ke3 48. Rd1 h5 49. Rd3+ Ke2 50. Rh3 Rh6 51. Ng4 Rg6 52. Re3+ Kd2 53. Kf1 hxg4 54. Re2+ Kd3 55. Rg2 g3 56. hxg3 Rxg3 0-1

[Event "Bayern-ch Seniors 24nd"]
[Site "Bergen"]
[Date "2012.06.17"]
[Round "2"]
[White "Neiss, Albrecht"]
[Black "Mehlhorn, Dieter"]
[Result "0-1"]
[WhiteElo "1432"]
[BlackElo "1669"]
[PlyCount "68"]
[EventDate "2012.06.16"]
[EventType "swiss"]
[EventRounds "9"]
[EventCountry "GER"]
[SourceTitle "EXT 2015"]
[Source "ChessBase"]
[SourceDate "2014.11.20"]
[SourceVersion "1"]
[SourceVersionDate "2014.11.20"]
[SourceQuality "1"]

1. d4 d5 2. c4 e6 3. Nc3 Nf6 4. cxd5 exd5 5. Bg5 Be7 6. e3 c6 7. Bd3 0-0 8. Nf3 Nbd7 9. Ne5 Nxe5 10. dxe5 Ng4 11. Bxe7 Qxe7 12. f4 Nxe3 13. Qe2 Nf5 14. 0-0 Qc5+ 15. Kh1 Qe7 16. Qh5 g6 17. Qg5 Re8 18. Rae1 Qxg5 19. fxg5 Ng7 20. Rf4 Ne6 21. Rg4 Bd7 22. h4 Re7 23. Rb4 Nc5 24. Bc2 Rae8 25. Na4 Nxa4 26. Rxa4 a6 27. Rb4 Bc8 28. h5 Rxe5 29. Rxe5 Rxe5 30. hxg6 hxg6 31. Bd3 Kg7 32. g4 Rxg5 33. Be2 Re5 34. Bf3 b5 0-1

[Event "Bayern-ch Seniors 24nd"]
[Site "Bergen"]
[Date "2012.06.16"]
[Round "1"]
[White "Ries, Berthold"]
[Black "Neiss, Albrecht"]
[Result "1/2-1/2"]
[WhiteElo "1811"]
[BlackElo "1432"]
[PlyCount "28"]
[EventDate "2012.06.16"]
[EventType "swiss"]
[EventRounds "9"]
[EventCountry "GER"]
[SourceTitle "EXT 2015"]
[Source "ChessBase"]
[SourceDate "2014.11.20"]
[SourceVersion "1"]
[SourceVersionDate "2014.11.20"]
[SourceQuality "1"]

1. e4 c5 2. Nf3 Nc6 3. d4 cxd4 4. Nxd4 Nf6 5. Nxc6 bxc6 6. Nc3 e5 7. Be2 Bb4 8. Bg5 Bxc3+ 9. bxc3 Qa5 10. Bd3 Qxc3+ 11. Bd2 Qd4 12. Be3 Qc3+ 13. Kf1 d5 14. Bd2 Qd4 1/2-1/2

[Event "Bad Woerishofen Seniors op 28th"]
[Site "Bad Woerishofen"]
[Date "2012.03.06"]
[Round "5.50"]
[White "Flockerzi, Armin"]
[Black "Neiss, Albrecht"]
[Result "1-0"]
[WhiteElo "1633"]
[BlackElo "1423"]
[PlyCount "87"]
[EventDate "2012.03.02"]
[EventType "swiss"]
[EventRounds "9"]
[EventCountry "GER"]
[SourceTitle "EXT 2022"]
[Source "ChessBase"]
[SourceDate "2021.10.06"]
[SourceVersion "1"]
[SourceVersionDate "2021.10.06"]
[SourceQuality "1"]

1. d4 d5 2. Nf3 g6 3. Nbd2 Bg7 4. e3 Nf6 5. c4 c6 6. b3 a6 7. Bb2 0-0 8. Be2 e6 9. 0-0 b5 10. cxd5 cxd5 11. Ba3 Re8 12. Ne5 Bb7 13. Bc5 Nbd7 14. Nxd7 Qxd7 15. b4 e5 16. dxe5 Rxe5 17. Bd4 Ree8 18. Nb3 Ne4 19. Bxg7 Kxg7 20. Qd4+ f6 21. f3 Nd6 22. Bd3 Qe7 23. Rfe1 Nc4 24. Nc5 Rad8 25. Kf2 Bc8 26. a3 Ne5 27. Bc2 Nc4 28. a4 Qe5 29. axb5 Qxd4 30. exd4 Rxe1 31. Rxe1 axb5 32. Re7+ Kh6 33. Bd3 Nd6 34. g4 Nc4 35. h4 Rh8 36. Kg3 Nd6 37. f4 g5 38. hxg5+ fxg5 39. f5 Re8 40. Rxe8 Nxe8 41. Bxb5 Nd6 42. Bc6 Bxf5 43. Bxd5 Bxg4 44. Kxg4 1-0

[Event "Bad Woerishofen Seniors op 28th"]
[Site "Bad Woerishofen"]
[Date "2012.03.05"]
[Round "4.60"]
[White "Neiss, Albrecht"]
[Black "Seitz, Heinz"]
[Result "1/2-1/2"]
[WhiteElo "1423"]
[BlackElo "1388"]
[PlyCount "40"]
[EventDate "2012.03.02"]
[EventType "swiss"]
[EventRounds "9"]
[EventCountry "GER"]
[SourceTitle "EXT 2022"]
[Source "ChessBase"]
[SourceDate "2021.10.06"]
[SourceVersion "1"]
[SourceVersionDate "2021.10.06"]
[SourceQuality "1"]

1. d4 Nf6 2. c4 e6 3. Nc3 d5 4. cxd5 exd5 5. Bg5 Be7 6. e3 a6 7. Bd3 b5 8. a3 Bb7 9. b4 Nbd7 10. Nge2 Nh5 11. Bxe7 Qxe7 12. 0-0 0-0 13. Qc2 h6 14. Nc1 Nb6 15. Nb3 Nf6 16. Rfe1 Qd8 17. e4 dxe4 18. Nxe4 Bxe4 19. Bxe4 Nxe4 20. Rxe4 Nc4 1/2-1/2

[Event "Merano Gold Cup 39th"]
[Site "Merano"]
[Date "2011.05.02"]
[Round "3"]
[White "Koch, Dieter"]
[Black "Neiss, Albrecht"]
[Result "1-0"]
[WhiteElo "1839"]
[BlackElo "1695"]
[PlyCount "45"]
[EventDate "2011.04.30"]
[EventType "swiss"]
[EventRounds "9"]
[EventCountry "ITA"]
[SourceTitle "EXT 2015"]
[Source "ChessBase"]
[SourceDate "2014.11.20"]
[SourceVersion "1"]
[SourceVersionDate "2014.11.20"]
[SourceQuality "1"]

1. d4 d5 2. e3 e6 3. f4 Nf6 4. Nd2 c5 5. c3 Nc6 6. Bd3 Be7 7. Qf3 Qc7 8. Nh3 Bd7 9. a4 cxd4 10. exd4 h6 11. 0-0 0-0 12. Qe2 Rfe8 13. Nf3 Rad8 14. Ne5 a6 15. Nf2 Qb8 16. Bd2 Na7 17. g4 Kf8 18. g5 Ng8 19. Qh5 g6 20. Bxg6 Kg7 21. Bxf7 Rf8 22. Qg6+ Kh8 23. Bxg8 1-0

[Event "Merano Gold Cup 39th"]
[Site "Merano"]
[Date "2011.04.30"]
[Round "1"]
[White "Reinke, Kurt"]
[Black "Neiss, Albrecht"]
[Result "1-0"]
[WhiteElo "1940"]
[BlackElo "1695"]
[PlyCount "37"]
[EventDate "2011.04.30"]
[EventType "swiss"]
[EventRounds "9"]
[EventCountry "ITA"]
[SourceTitle "EXT 2015"]
[Source "ChessBase"]
[SourceDate "2014.11.20"]
[SourceVersion "1"]
[SourceVersionDate "2014.11.20"]
[SourceQuality "1"]

1. d4 d5 2. c4 c6 3. Nf3 Nf6 4. Nc3 a6 5. Bg5 Ne4 6. Nxe4 dxe4 7. Nd2 Qxd4 8. g3 Bf5 9. Qb3 b5 10. Bg2 Nd7 11. Be3 Qe5 12. cxb5 cxb5 13. 0-0 g6 14. Bf4 Qd4 15. Rad1 Nc5 16. Qa3 e6 17. b4 Na4 18. Nxe4 Qxb4 19. Nf6+ 1-0

[Event "Karl Mala Memorial op 09th"]
[Site "Frankfurt"]
[Date "2005.07.30"]
[Round "5"]
[White "Neiss, Albrecht"]
[Black "Adam, Jakob"]
[Result "1-0"]
[WhiteElo "1523"]
[BlackElo "1249"]
[PlyCount "39"]
[EventDate "2005.07.28"]
[EventType "swiss"]
[EventRounds "7"]
[EventCountry "GER"]
[SourceTitle "EXT 2006"]
[Source "ChessBase"]
[SourceDate "2005.11.24"]
[SourceVersion "1"]
[SourceVersionDate "2005.11.24"]
[SourceQuality "1"]

1. d4 d5 2. Nf3 e6 3. e3 c5 4. b3 Nf6 5. Bd3 Nc6 6. 0-0 Bd6 7. Nbd2 0-0 8. Bb2 Bd7 9. Ne5 Qc7 10. f4 Rac8 11. Rf3 Ne7 12. Rh3 Ng6 13. g4 cxd4 14. Bxd4 Nxe5 15. fxe5 Bxe5 16. g5 Bxd4 17. exd4 Ne8 18. Bxh7+ Kh8 19. Bd3+ Kg8 20. Rh8+ 1-0

[Event "Karl Mala Memorial op 09th"]
[Site "Frankfurt"]
[Date "2005.07.29"]
[Round "3"]
[White "Neiss, Albrecht"]
[Black "Schirrmacher, Carsten"]
[Result "0-1"]
[WhiteElo "1523"]
[BlackElo "1884"]
[PlyCount "90"]
[EventDate "2005.07.28"]
[EventType "swiss"]
[EventRounds "7"]
[EventCountry "GER"]
[SourceTitle "EXT 2006"]
[Source "ChessBase"]
[SourceDate "2005.11.24"]
[SourceVersion "1"]
[SourceVersionDate "2005.11.24"]
[SourceQuality "1"]

1. d4 d5 2. Nf3 c5 3. e3 Nc6 4. b3 Bg4 5. Nbd2 cxd4 6. exd4 e6 7. Bb2 Bd6 8. Bd3 Nge7 9. 0-0 Qc7 10. Qe1 0-0 11. h3 Bh5 12. c4 Bb4 13. a3 Bxf3 14. axb4 Nxb4 15. Bb1 Bh5 16. Bc3 Nbc6 17. c5 Bg6 18. b4 Bxb1 19. Qxb1 a6 20. b5 axb5 21. Qxb5 Rfb8 22. Rfb1 Rxa1 23. Rxa1 b6 24. cxb6 Qxb6 25. Qd3 h6 26. Rb1 Qc7 27. Nb3 Nf5 28. Qc2 Ncxd4 29. Nxd4 Rxb1+ 30. Qxb1 Qxc3 31. Nxf5 exf5 32. Qxf5 Qe1+ 33. Kh2 Qe6 34. Qd3 Qe4 35. Qxe4 dxe4 36. Kg3 f5 37. Kf4 g6 38. g4 fxg4 39. hxg4 Kf7 40. Kxe4 Ke6 41. f4 Kf6 42. Kf3 g5 43. fxg5+ hxg5 44. Kg3 Ke5 45. Kf3 Kd4 0-1

[Event "Karl Mala Memorial op 09th"]
[Site "Frankfurt"]
[Date "2005.07.28"]
[Round "1"]
[White "Neiss, Albrecht"]
[Black "Rack, Matthias"]
[Result "0-1"]
[WhiteElo "1523"]
[BlackElo "2076"]
[PlyCount "56"]
[EventDate "2005.07.28"]
[EventType "swiss"]
[EventRounds "7"]
[EventCountry "GER"]
[SourceTitle "EXT 2006"]
[Source "ChessBase"]
[SourceDate "2005.11.24"]
[SourceVersion "1"]
[SourceVersionDate "2005.11.24"]
[SourceQuality "1"]

1. d4 d5 2. Nf3 Nf6 3. e3 e6 4. Bd3 Be7 5. 0-0 0-0 6. Ne5 c5 7. b3 Nc6 8. Ba3 Qc7 9. f4 b6 10. Bb2 Bb7 11. Nd2 Rac8 12. c3 a6 13. Rf3 Ne4 14. Rh3 g6 15. Nxe4 Nxe5 16. Nf6+ Bxf6 17. fxe5 Bg7 18. Qe1 Qe7 19. Qg3 Rc7 20. Rf1 f5 21. Rh4 g5 22. Rh5 h6 23. h3 Bc6 24. Bc2 Be8 25. Bd1 cxd4 26. cxd4 Bxh5 27. Bxh5 Rc2 28. Bc1 Rfc8 0-1

[Event "Augsburg Afro op"]
[Site "Augsburg"]
[Date "2003.08.07"]
[Round "2"]
[White "Neiss, Albrecht"]
[Black "Aswolinski, Witali"]
[Result "0-1"]
[WhiteElo "1438"]
[BlackElo "1836"]
[PlyCount "60"]
[EventDate "2003.08.06"]
[EventType "swiss"]
[EventRounds "7"]
[EventCountry "GER"]
[SourceTitle "EXT 2006"]
[Source "ChessBase"]
[SourceDate "2005.11.24"]
[SourceVersion "1"]
[SourceVersionDate "2005.11.24"]
[SourceQuality "1"]

1. d4 d5 2. Nf3 Nf6 3. Bf4 e6 4. e3 c5 5. c3 b6 6. Nbd2 Be7 7. h3 0-0 8. Bd3 Bb7 9. 0-0 Nbd7 10. Ne5 Nxe5 11. dxe5 Ne4 12. Nxe4 dxe4 13. Bc4 Qxd1 14. Raxd1 Rfd8 15. g3 g5 16. Rde1 gxf4 17. gxf4 Rd2 18. Kh2 Rad8 19. Rg1+ Kh8 20. Be2 Rxb2 21. Rg2 Rxa2 22. Bh5 Rf8 23. Reg1 Bh4 24. Rg7 Bxf2 25. R1g2 Bxe3 26. Rxh7+ Kxh7 27. Rxa2 Bxf4+ 28. Kh1 a6 29. Rf2 e3+ 30. Rf3 e2 0-1